Catálogo

Vista normal Vista MARC

Entrada Personal Name

Número de registros utilizados en: 1

001 - CONTROL NUMBER

  • control field: 6643

003 - CONTROL NUMBER IDENTIFIER

  • control field: DLC

005 - DATE AND TIME OF LATEST TRANSACTION

  • control field: 20220620091555.0

008 - FIXED-LENGTH DATA ELEMENTS

  • fixed length control field: 180220 a|ac|n|aab||||||||||||a |n|||||||

010 ## - LIBRARY OF CONGRESS CONTROL NUMBER

  • LC control number: n 86150934

035 ## - SYSTEM CONTROL NUMBER

  • System control number: (LC)n 86150934

040 ## - CATALOGING SOURCE

  • Original cataloging agency: DLC
  • Language of cataloging: spa
  • Description conventions: rda
  • Transcribing agency: Mx-PuUPA
  • Modifying agency: DLC
  • Modifying agency: Mx-PuUPA

100 1# - HEADING--PERSONAL NAME

  • Personal name: Leppard, John,

374 ## - OCCUPATION

  • Occupation: Autor

375 ## - GENDER

  • Gender: hombre

377 ## - ASSOCIATED LANGUAGE

  • Language code: eng

670 ## - SOURCE DATA FOUND

  • Source citation: McDonald, M. How to sell a service, 1986:
  • Information found: t.p. (John Leppard) p. 4 of cover (consultant specializing in management development, marketing, and designing training packages; visiting lecturer at Cranfield Sch. of Management)

670 ## - SOURCE DATA FOUND

  • Source citation: McDonald, M. The marketing audit, 1991:
  • Information found: t.p. (John W. Leppard)

670 ## - SOURCE DATA FOUND

  • Source citation: Auditing your customer service, 1994:
  • Information found: CIP t.p. (John Leppard) data sheet (Leppard, John William, b. 11-02-37)

670 ## - SOURCE DATA FOUND

  • Source citation: Biblioteca del congreso (Estados Unidos), 20 febrero de 2018:
  • Information found: catálogo electrónico
  • Uniform Resource Identifier: https://goo.gl/BbN6Ur